| 000 | 00576nam a2200217 a 4500 | ||
|---|---|---|---|
| 999 |
_c6889 _d6889 |
||
| 001 | 6889 | ||
| 003 | BD-JhCC | ||
| 005 | 20180131180149.0 | ||
| 008 | 171118s1984 uk |||| |||| 000 0 eng d | ||
| 035 | _a(BD-JhCC) | ||
| 040 |
_aBD-JhCC _dBD-JhCC |
||
| 041 | _aeng | ||
| 082 |
_a972.91064 _bTHO 1984 |
||
| 100 | _aThomas, Hugh S. | ||
| 245 |
_aThe Cuban Revolution 25 Years Later / _cJanette H. Blair |
||
| 260 |
_aLondon : _bWestview Press, Boulder and London; _c1984 |
||
| 300 |
_a69 p.; _c22 cm |
||
| 490 | _aThe Crusader Series | ||
| 650 | _aRevolution | ||
| 942 |
_2ddc _cBK |
||